000
00287nam a22001211a 4500
082
_a
294.592 4
_b
SER/S
100
_a
Seru S L
_9
121367
245
_a
Srimad Bhagavad Gita/
_c
by Seru S L
260
_a
Delhi:
_b
Nag,
_c
1983.
300
_a
448p.
650
_a
Bhagavad Gita
_9
121368
942
_c
BK
999
_c
43825
_d
43825